000 00961cam a2200133 4500500
005 20251214004316.0
041 _afre
042 _adc
100 1 0 _aMilza, Pierre
_eauthor
245 0 0 _aLes relations internationales de 1871 à 1914
260 _bArmand Colin,
_c2014.
520 _aL’année 1871 consacre la prépondérance de l’Allemagne bismarckienne en Europe et le début de l’apogée européen dans le monde. La Grande Guerre sera fatale à cette double hégémonie en provoquant la défaite militaire de l’Allemagne et le déclin économique du Vieux Continent face aux États-Unis. Pierre Milza renouvelle la vision des événements en soulignant l’action des forces profondes : derrière le jeu diplomatique, il montre le poids des intérêts économiques et les grands courants de l’opinion.
856 4 1 _uhttps://shs.cairn.info/les-relations-internationales-de-1871-a-1914--9782200289881?lang=fr&redirect-ssocas=7080
999 _c1568417
_d1568417